|
|
|
|
| LEADER |
00000nam0a2200000 4500 |
| 001 |
144720 |
| 005 |
20231101221119.0 |
| 020 |
|
|
|a RU
|b 85-95727
|
| 035 |
|
|
|a (RuTPU)RU\TPU\book\156842
|
| 090 |
|
|
|a 144720
|
| 100 |
|
|
|a 20081008g1985 m y0rusy5003 ca
|
| 101 |
1 |
|
|a rus
|c kaz
|
| 102 |
|
|
|a KZ
|
| 105 |
|
|
|a c z 000ay
|
| 200 |
1 |
|
|a Школа жизни
|h Кн. 1
|e роман
|e пер. с казах.
|f С. Муканов
|g пер. Г. Андреева
|
| 210 |
|
|
|a Алма-Ата
|c Жазушы
|d 1985
|
| 215 |
|
|
|a 384 с.
|c портр.
|
| 606 |
1 |
|
|a Казахская литература
|2 stltpush
|3 (RuTPU)RU\TPU\subj\13476
|9 40080
|
| 610 |
1 |
|
|a Казахстан
|
| 610 |
1 |
|
|a 20 век
|
| 610 |
1 |
|
|a романы
|
| 675 |
|
|
|a 894.342
|z rus
|
| 700 |
|
1 |
|a Муканов
|b С.
|g Сабит
|
| 702 |
|
1 |
|a Андреева
|b Г.
|4 730
|
| 801 |
|
0 |
|a RU
|b RuMRKP
|c 19950704
|g psbo
|
| 801 |
|
1 |
|a RU
|b 63413507
|c 20081008
|g PSBO
|
| 801 |
|
2 |
|a RU
|b 63413507
|c 20200915
|g PSBO
|
| 942 |
|
|
|c BK
|